|
|
|
|
| LEADER |
01066nam a2200289 a 4500 |
| 001 |
14939283 |
| 008 |
130424r20122010enka b 001 0 eng d |
| 010 |
|
|
|a 2007278572
|
| 020 |
|
|
|a 9780071074070
|
| 020 |
|
|
|a 0071074074
|
| 020 |
|
|
|a 0335217478
|
| 020 |
|
|
|a 9780335217472
|
| 040 |
|
|
|a DLC
|c DLC
|d DLC
|d BD-DhAAL
|
| 082 |
0 |
0 |
|a 001.4/2
|2 22
|
| 100 |
1 |
|
|a Blaxter, Loraine,
|d 1945-
|
| 245 |
1 |
0 |
|a How to research /
|c Loraine Blaxter, Christina Hughes, and Malcolm Tight.
|
| 250 |
|
|
|a 3rd ed.
|
| 260 |
|
|
|a Berkshire, England ;
|a New York :
|b Open University Press,
|c 2010.[Reprinted 2012]
|
| 300 |
|
|
|a xii, 287 p. :
|b ill. ;
|c 24 cm.
|
| 504 |
|
|
|a Includes bibliographical references and index.
|
| 541 |
1 |
|
|e 00026838
|
| 650 |
|
0 |
|a Research
|x Methodology.
|
| 700 |
1 |
|
|a Hughes, Christina,
|d 1952-
|
| 700 |
1 |
|
|a Tight, Malcolm.
|
| 852 |
1 |
|
|a Ayesha Abed Library
|j General Shelf.
|
| 999 |
|
|
|c 13354
|d 13354
|
| 952 |
|
|
|0 0
|1 0
|2 ddc
|4 0
|6 001_420000000000000_BLA
|7 0
|9 22259
|a IGS
|b IGS
|c GEN
|d 2012-04-27
|e Mullick & Brothers
|g 830.00
|l 0
|o 001.42 BLA
|p 3010026838
|r 2013-04-28
|t 1
|w 2012-04-27
|y BK
|